Možnosti rozvoja vybranej destinácie CR v krajinách bývalej Juhoslávie bakalárska práca

Salvato in:
Dettagli Bibliografici
Autore principale: Molnárová, Tímea
Ente Autore: Obchodná fakulta EU. Katedra služieb a cestovného ruchu - zrušené
Altri autori: Staňo, Roman
Natura: Libro
Lingua:slovacco
Pubblicazione: Bratislava 2017
Tags: Aggiungi Tag
Nessun Tag, puoi essere il primo ad aggiungerne!!

MARC

LEADER 00000nbm a2200000 4500
001 0232814
005 20170807102921.4
041 0 |a slo 
044 |a SK 
245 1 0 |a Možnosti rozvoja vybranej destinácie CR v krajinách bývalej Juhoslávie  |b bakalárska práca  |c Tímea Molnárová ; školiteľ: Roman Staňo 
264 1 |a Bratislava  |c 2017 
300 |a 47 s. 
100 1 |a Molnárová, Tímea 
700 1 |a Staňo, Roman 
710 2 |a Obchodná fakulta EU. Katedra služieb a cestovného ruchu - zrušené